Personnalités de A à Z (4) - Statistiques

Statistiques générales
  • Ce quiz a été pris 85 fois
  • Le résultat moyen est 8 sur 24
Statistiques - réponses
Par images Réponse % Correct
David {Beckham}
87%
David {Douillet}
83%
David {Pujadas}
80%
David {Hallyday}
74%
David {Ginola}
57%
Diane {Kruger}
54%
Danièle {Evenou}
46%
David {Trezeguet}
46%
Denise {Fabre}
40%
Dominique {Rocheteau}
36%
Dominique {Voynet}
23%
Dominique {Chapatte}
21%
Dominique {Lavanant}
21%
David {Niven}
17%
Denis {Maréchal}
16%
Denis {Quaid}
11%
Dominique {Ingres}
10%
David {Arquette}
9%
Dolores {O'Riordan}
9%
David {Suchet}
4%
David {Yates}
3%
Dominique {Webb}
3%
Dominique {Zardi}
1%
Damien {Jouillerot}
0%
Aucun quiz correspondant
Distribution des résultats
% des personnes avec chaque résultat
Percentile par nombre de réponses
Votre historique - résultats
Vous n’avez pas pris ce quiz